000 00458nam a2200157Ia 4500
008 210716s2007 xx 000 0 und d
020 _a8130904985
041 _aeng
082 _a658.3 SHAV
100 _aSharma, V K.
245 _aHuman resource management: evolution and the challenges ahead.
_bEvolution and the challenges ahead.
250 _a1
260 _aNew Delhi
_bViva Books
_c2007
300 _axxii,189
650 _aHuman Resource Management
999 _c201776
_d201776